| 000 | 00548nam a2200205Ia 4500 | ||
|---|---|---|---|
| 005 | 20250508165046.0 | ||
| 008 | 008 250505s9999 xx 000 0 hin d | ||
| 037 | _aTextual | ||
| 040 |
_aFEDL _beng _cFEDL |
||
| 041 |
_ahin _2hin |
||
| 084 |
_a891.431, SHR _qFEDL |
||
| 100 | _aSrivastava Parmanand | ||
| 245 | 0 | _aSuryakant Tripathi 'Nirala' | |
| 260 |
_aNew Delhi, India _bSahitya Akademi _c1992 |
||
| 300 | _a94p. | ||
| 365 |
_aINR _b15 |
||
| 546 | _aMACESE | ||
| 942 |
_cTEXL _h891.431, SHR |
||
| 999 |
_c1392896 _d1392896 |
||